000 00670nam a2200181Ia 4500
008 100921s9999 xx 000 0 und d
082 _b33128
_a891.463 न 00
100 _aपेठे मेघना.
245 _aआंधळ्याच्या गायी.
260 _bराजहंस प्रकाशन, पुणे.
_c2000
300 _a148
_bमॅजेस्टीक प्रकाशन,पुणे.
365 _b125
520 _aललित-कथा.
630 _aआंधळ्याच्या गायी.
650 _aललित-कथा.
730 _aआंधळ्याच्या गायी.
942 _cBOOK
999 _c782241
_d782238